| 000 | 00680cam a22001697a 4500 | ||
|---|---|---|---|
| 082 |
_a623.81 _bMAC _cL-14, P-77 |
||
| 100 | 1 |
_aMackrow, Clement. _942206 |
|
| 245 | 1 | 4 |
_aThe naval architect's and shipbuilder's pocket-book of formulae, rules and tables and marine engineer's and surveyor's handy book of reference _cby Clement Mackrow and Lloyd Woollard. |
| 250 | _a13th ed., thoroughly rev. | ||
| 260 |
_aLondon : _bC. Lockwood and Son, _c1931. |
||
| 300 |
_axii, 732 p. : _bill. ; _c17 cm. |
||
| 500 | _aCall number of original: VM151.M2 1931. | ||
| 500 | _aMaster microform held by: DLC. | ||
| 526 |
_a0 _b0 _c0 _d623_810000000000000_MAC |
||
| 650 |
_aMCE _9379 |
||
| 942 |
_2ddc _cBK |
||
| 999 |
_c546134 _d546134 |
||